[Event "FRA-chT3 1314"]
[Site "France"]
[Date "2013.11.23"]
[Round "2.3"]
[White "Renard, Stephane"]
[Black "Smailovic, Omer"]
[Result "0-1"]
[WhiteElo "1960"]
[BlackElo "2074"]
[PlyCount "162"]
[EventDate "2013.10.13"]
[EventType "team-tourn"]
[EventRounds "9"]
[EventCountry "FRA"]
[SourceTitle "EXT 2019"]
[Source "ChessBase"]
[SourceDate "2018.10.10"]
[SourceVersion "1"]
[SourceVersionDate "2018.10.10"]
[SourceQuality "1"]

1. f4 d5 2. Nf3 Nc6 3. e3 a6 4. b3 Nf6 5. Bb2 Bf5 6. Ne5 Nxe5 7. fxe5 Ne4 8. d3 Nc5 9. Qf3 e6 10. Be2 Qh4+ 11. Qf2 Qxf2+ 12. Kxf2 g5 13. g4 Bg6 14. h4 gxh4 15. Rxh4 Be7 16. Rh3 0-0-0 17. Nd2 Rhf8 18. Rf1 Nd7 19. Kg2 c5 20. c4 Bg5 21. cxd5 exd5 22. Rd1 Kb8 23. e4 Nb6 24. Nf3 Be7 25. Nh4 Bxh4 26. Rxh4 dxe4 27. d4 Nd5 28. Kf2 Nf4 29. Ba3 Nxe2 30. Kxe2 cxd4 31. Bxf8 d3+ 32. Ke3 Rxf8 33. g5 Rc8 34. Rxe4 Rc2 35. Rxd3 Rxa2 36. Rd8+ Kc7 37. Red4 Bf5 38. b4 Rg2 39. Kf4 Be6 40. Rg8 Rf2+ 41. Ke3 Rf5 42. Ke4 Rf1 43. Ke3 Re1+ 44. Kf4 Rf1+ 45. Ke3 Rg1 46. Rg7 Kc6 47. Rxh7 Rxg5 48. Kf4 Rg4+ 49. Ke3 Rg5 50. Kf4 Rf5+ 51. Ke4 Rf1 52. Rh5 Kb5 53. Rh4 Re1+ 54. Kf4 Re2 55. Rh8 Rb2 56. Rb8 Kc6 57. Rh8 Kb5 58. Rb8 Kb6 59. Rh8 Kc7 60. Rh4 b5 61. Ke3 Bc4 62. Rd6 Rxb4 63. Rxa6 Rb3+ 64. Kd4 Rd3+ 65. Ke4 Rd1 66. Rhh6 Bd5+ 67. Ke3 b4 68. Ra7+ Bb7 69. Rh4 Kb6 70. Ra4 Re1+ 71. Kd4 Kb5 72. Ra7 Rd1+ 73. Ke3 Bd5 74. Rd4 Re1+ 75. Kf4 Kc5 76. Rd2 Re4+ 77. Kf5 Rd4 78. Rc2+ Kb5 79. Kf6 b3 80. Re2 Kb4 81. Rxf7 Rf4+ 0-1

[Event "Fourmies op 34th"]
[Site "Fourmies"]
[Date "2010.05.23"]
[Round "3"]
[White "Smailovic, Omer"]
[Black "Allabatre, Steeve"]
[Result "1-0"]
[WhiteElo "2096"]
[BlackElo "1849"]
[PlyCount "73"]
[EventDate "2010.05.22"]
[EventType "swiss"]
[EventRounds "7"]
[EventCountry "FRA"]
[SourceTitle "CBM 136 Extra"]
[Source "ChessBase"]
[SourceDate "2010.07.02"]
[SourceVersion "2"]
[SourceVersionDate "2010.07.15"]
[SourceQuality "1"]

1. c4 Nf6 2. Nf3 d5 3. d4 Bg4 4. Ne5 Bh5 5. Qb3 Nbd7 6. Qxb7 e6 7. Nc3 Rb8 8. Qxa7 Nxe5 9. dxe5 Ne4 10. Qa4+ Qd7 11. Qxd7+ Kxd7 12. Nxe4 dxe4 13. a3 Bc5 14. e3 Rhd8 15. b4 Ba7 16. h3 Ke7 17. g4 Bg6 18. Bd2 Ra8 19. c5 c6 20. Bc4 Rd7 21. Bc3 f6 22. h4 Bb8 23. exf6+ gxf6 24. g5 f5 25. h5 Bf7 26. g6 hxg6 27. hxg6 Bxg6 28. Rh8 Rda7 29. Bb2 e5 30. 0-0-0 Bc7 31. Rh6 Be8 32. Rh7+ Kf6 33. Rg1 Bb8 34. Rh6+ Ke7 35. Rg8 Bf7 36. Bxf7 Kxf7 37. Rxb8 1-0

[Event "Bethune op-A"]
[Site "Bethune"]
[Date "2009.12.27"]
[Round "4"]
[White "Smailovic, Omer"]
[Black "Ringoir, Tanguy"]
[Result "0-1"]
[WhiteElo "2099"]
[BlackElo "2396"]
[PlyCount "50"]
[EventDate "2009.12.26"]
[EventType "swiss"]
[EventRounds "9"]
[EventCountry "FRA"]
[SourceTitle "EXT 2011"]
[Source "ChessBase"]
[SourceDate "2010.11.26"]
[SourceVersion "1"]
[SourceVersionDate "2010.11.26"]
[SourceQuality "1"]

1. c4 c5 2. Nc3 Nc6 3. g3 g6 4. Bg2 Bg7 5. e3 e5 6. Nge2 Nge7 7. 0-0 0-0 8. b3 d6 9. h3 Be6 10. Kh2 Qd7 11. Ba3 Rad8 12. Ne4 Qc7 13. f4 Qa5 14. fxe5 Qxa3 15. exd6 Nf5 16. N2c3 Qa5 17. Nd5 Bxd5 18. cxd5 Nb4 19. a3 Nxd5 20. Ng5 Rxd6 21. Qc2 Ndxe3 22. dxe3 Nxe3 23. Qe4 Qd2 24. Qf3 Nxf1+ 25. Rxf1 Qxg5 0-1

[Event "FRA-chT3 North 0304"]
[Site "France"]
[Date "2004.03.14"]
[Round "7.1"]
[White "Van Coppenolle, Kurt"]
[Black "Smailovic, Omer"]
[Result "1-0"]
[WhiteElo "2200"]
[BlackElo "2231"]
[PlyCount "140"]
[EventDate "2003.11.??"]
[EventType "team"]
[EventRounds "9"]
[EventCountry "FRA"]
[SourceTitle "EXT 2006"]
[Source "ChessBase"]
[SourceDate "2005.11.24"]
[SourceVersion "1"]
[SourceVersionDate "2005.11.24"]
[SourceQuality "1"]
[WhiteTeam "Lille II"]
[BlackTeam "Aulnoye"]
[WhiteTeamCountry "FRA"]
[BlackTeamCountry "FRA"]

1. e4 c6 2. d4 d5 3. exd5 cxd5 4. c4 Nf6 5. Nc3 Nc6 6. Nf3 e6 7. Bg5 Be7 8. a3 0-0 9. Bd3 dxc4 10. Bxc4 Nd5 11. Bxe7 Ncxe7 12. 0-0 b6 13. Re1 Bb7 14. Ne4 Nf5 15. Qd2 h6 16. Rad1 Rc8 17. Ba2 Qc7 18. Bb1 Qf4 19. Qd3 Qc7 20. Ne5 Rfd8 21. Qd2 Nde7 22. Nf3 Nc6 23. Qc3 Qf4 24. d5 Ncd4 25. Rxd4 Nxd4 26. Qxd4 Rxd5 27. Qe3 Qxe3 28. fxe3 Rdd8 29. Kf2 f5 30. Nc3 Kf7 31. Re2 Ba6 32. Rd2 Kf6 33. Rd4 g5 34. Ra4 Bd3 35. Bxd3 Rxd3 36. Rxa7 g4 37. Rf7+ Kxf7 38. Ne5+ Kf6 39. Nxd3 Ke7 40. Ke2 h5 41. Nf4 Kd7 42. Nxh5 Rh8 43. Nf4 Rxh2 44. Kf2 Rh1 45. Na4 e5 46. Nd3 e4 47. Ne1 g3+ 48. Ke2 Kc6 49. b3 b5 50. Nc3 Kc5 51. Nb1 Rh8 52. Nd2 Kd5 53. Nf1 Rg8 54. Nc2 Ke5 55. Kd2 Rd8+ 56. Kc3 Rd3+ 57. Kb4 f4 58. exf4+ Kxf4 59. a4 bxa4 60. bxa4 e3 61. Ncxe3 Rd4+ 62. Kb5 Rd8 63. a5 Rb8+ 64. Kc6 Rb1 65. Nd5+ Ke5 66. Nfe3 Ra1 67. Kb6 Ke4 68. a6 Rb1+ 69. Kc7 Ra1 70. Kb7 Rb1+ 1-0

[Event "Luxembourg-chT 9900"]
[Site "Luxembourg"]
[Date "2000.01.23"]
[Round "5"]
[White "Buchholtz, Leon"]
[Black "Smailovic, Omer"]
[Result "0-1"]
[WhiteElo "1847"]
[BlackElo "2034"]
[PlyCount "72"]
[EventDate "1999.10.24"]
[EventType "team"]
[EventRounds "10"]
[EventCountry "LUX"]
[SourceTitle "EXT 2005"]
[Source "ChessBase"]
[SourceDate "2004.11.15"]
[SourceVersion "1"]
[SourceVersionDate "2004.11.15"]
[SourceQuality "1"]

1. d4 Nf6 2. c4 d6 3. Nc3 g6 4. e4 Bg7 5. Nf3 Nbd7 6. Be2 0-0 7. 0-0 e5 8. d5 h6 9. b4 a5 10. Rb1 axb4 11. Rxb4 Nc5 12. Nd2 g5 13. f3 Nh5 14. Nb3 Na6 15. Ra4 Bd7 16. Ra3 f5 17. Be3 b6 18. Nc1 Nf4 19. exf5 Bxf5 20. g4 Bg6 21. Nd3 Qe7 22. Nxf4 gxf4 23. Bf2 Nc5 24. Rxa8 Rxa8 25. Qe1 Nd3 26. Qd2 Nxf2 27. Rxf2 Ra3 28. Nb5 Re3 29. a4 e4 30. fxe4 Qxe4 31. Nxc7 f3 32. Bf1 Bd4 33. Ne6 Bc3 34. Qc1 Qxg4+ 35. Kh1 Re1 36. Qxc3 Rxf1+ 0-1

[Event "Luxembourg-chT 9900"]
[Site "Luxembourg"]
[Date "2000.01.09"]
[Round "4"]
[White "Smailovic, Omer"]
[Black "Ackermann, Robert"]
[Result "1/2-1/2"]
[WhiteElo "2034"]
[BlackElo "2006"]
[PlyCount "186"]
[EventDate "1999.10.24"]
[EventType "team"]
[EventRounds "10"]
[EventCountry "LUX"]
[SourceTitle "EXT 2005"]
[Source "ChessBase"]
[SourceDate "2004.11.15"]
[SourceVersion "1"]
[SourceVersionDate "2004.11.15"]
[SourceQuality "1"]

1. d4 Nf6 2. c4 e6 3. Nf3 d5 4. Nc3 Be7 5. Bg5 h6 6. Bh4 0-0 7. Rc1 c6 8. e3 Nbd7 9. Bg3 Qa5 10. Nd2 a6 11. Bd3 Re8 12. 0-0 Bf8 13. f4 c5 14. Nb3 Qd8 15. Bh4 cxd4 16. Nxd4 dxc4 17. Bxc4 b5 18. Bd3 Bb7 19. Ne4 Be7 20. Nc6 Bxc6 21. Rxc6 Qb8 22. Nxf6+ Nxf6 23. Bxf6 Bxf6 24. Be4 Rd8 25. Qc2 Qa7 26. Re1 Rab8 27. h3 Bh4 28. g3 Bxg3 29. Re2 Bxf4 30. Kf2 Bg5 31. Bh7+ Kh8 32. Be4 f5 33. Rc7 Qb6 34. Rc6 Qa5 35. Bf3 Qxa2 36. e4 f4 37. Bg4 f3 38. Kxf3 Rf8+ 39. Kg2 Qa1 40. Rf2 Bh4 41. Rxf8+ Rxf8 42. Qc1 Qa4 43. Rxe6 Bg5 44. Qc5 Rd8 45. Qc3 Qa1 46. Be2 Qa2 47. Qe5 Rf8 48. Qd6 Rd8 49. Qe5 Rf8 50. Qd6 Rg8 51. Qxa6 Qxb2 52. Qxb5 Qd2 53. Qd3 Qe1 54. Qf3 Qb4 55. Re5 Qd2 56. Rf5 Qc1 57. e5 Be3 58. Bf1 Qd2+ 59. Kh1 Bc5 60. e6 Qd4 61. Qg2 Re8 62. Rd5 Qe3 63. Rd7 Bd4 64. Qg4 Bf6 65. Bc4 Ra8 66. Rd1 Qe5 67. Qg6 Qg5 68. Qxg5 Bxg5 69. Kg2 Rd8 70. Bd5 Rf8 71. Rb1 Rd8 72. Be4 g6 73. Bxg6 Kg7 74. Bf7 Be7 75. Rb3 Kf6 76. Kf3 Ra8 77. Ke4 Ra3 78. Rb5 Ra4+ 79. Kd5 Rb4 80. Ra5 Rf4 81. Ra2 h5 82. Rg2 Rf5+ 83. Kc6 Rc5+ 84. Kd7 Rd5+ 85. Kc6 Rc5+ 86. Kb6 h4 87. Rg6+ Ke5 88. Bg8 Kd6 89. Rg7 Rg5 90. Rxg5 Bxg5 91. Kb7 Ke7 92. Kc6 Bf4 93. Kd5 Bd6 1/2-1/2

[Event "Luxembourg-ch"]
[Site "Luxembourg"]
[Date "1999.04.03"]
[Round "1"]
[White "Romano, Antonino"]
[Black "Smailovic, Omer"]
[Result "0-1"]
[WhiteElo "1675"]
[BlackElo "2031"]
[PlyCount "102"]
[EventDate "1999.04.03"]
[EventType "swiss"]
[EventRounds "9"]
[EventCountry "LUX"]
[SourceTitle "EXT 2005"]
[Source "ChessBase"]
[SourceDate "2004.11.15"]
[SourceVersion "1"]
[SourceVersionDate "2004.11.15"]
[SourceQuality "1"]

1. d4 Nf6 2. Nf3 d5 3. c4 e6 4. e3 c6 5. Nc3 Bd6 6. Bd3 Nbd7 7. Qc2 h6 8. e4 dxe4 9. Nxe4 Nxe4 10. Bxe4 Nf6 11. Bd3 c5 12. Be3 Ng4 13. 0-0-0 Nxe3 14. fxe3 Qc7 15. h3 b6 16. Rhf1 Bb7 17. Kb1 0-0-0 18. d5 exd5 19. cxd5 Bxd5 20. Bc4 Bxc4 21. Qxc4 Kb8 22. Nd2 f6 23. Qb3 Be5 24. Nc4 Rhe8 25. Rd3 Rxd3 26. Qxd3 Rd8 27. Qb3 Qc6 28. Rc1 Bc7 29. Qc2 Qd5 30. a4 a6 31. b3 Kb7 32. Nb2 Qe5 33. Nc4 Qe7 34. Qe2 Qe4+ 35. Ka2 f5 36. Nd2 Qe6 37. Rc2 g5 38. Qf3+ Ka7 39. Nc4 b5 40. axb5 axb5 41. Na3 Kb6 42. Qf1 Qd7 43. Qf2 Be5 44. e4 Bd4 45. Qxf5 Qxf5 46. exf5 Ra8 47. Re2 b4 48. Re6+ Kc7 49. f6 Rxa3+ 50. Kb1 Ra1+ 51. Kc2 Rf1 0-1

[Event "Luxembourg-chT 9899"]
[Site "Luxembourg"]
[Date "1999.01.10"]
[Round "6"]
[White "Simon, Bernard1111"]
[Black "Smailovic, Omer"]
[Result "1/2-1/2"]
[WhiteElo "1985"]
[BlackElo "2040"]
[PlyCount "132"]
[EventDate "1998.10.08"]
[EventType "team"]
[EventRounds "10"]
[EventCountry "LUX"]
[SourceTitle "EXT 2005"]
[Source "ChessBase"]
[SourceDate "2004.11.15"]
[SourceVersion "1"]
[SourceVersionDate "2004.11.15"]
[SourceQuality "1"]

1. Nf3 d5 2. g3 Nc6 3. d4 Nf6 4. Bg2 Bf5 5. a3 Qc8 6. Nc3 Bh3 7. 0-0 Bxg2 8. Kxg2 Qf5 9. Qd3 Qxd3 10. cxd3 h6 11. Bf4 0-0-0 12. b4 g5 13. Be5 Bg7 14. Rab1 g4 15. Nd2 Nxe5 16. dxe5 Ne8 17. d4 f6 18. exf6 Bxf6 19. e3 e5 20. Ne2 Nd6 21. dxe5 Bxe5 22. Rfc1 h5 23. h4 gxh3+ 24. Kxh3 Nf7 25. f4 Bf6 26. b5 Rhe8 27. Nf1 Nh6 28. b6 axb6 29. Rxb6 c6 30. Rb3 Rd7 31. Rd3 Nf5 32. Nc3 Kb8 33. e4 Bxc3 34. exf5 Bf6 35. Rb3 Re2 36. Rxc6 Bd8 37. Re6 Rf2 38. Rb1 d4 39. Rd1 d3 40. f6 Rf7 41. Rxd3 Bxf6 42. Nd2 Bg7 43. Ne4 Ra2 44. Ng5 Rc7 45. f5 Rc1 46. Kh4 Rh2+ 47. Nh3 Rc4+ 48. Kxh5 Rxh3+ 49. Kg5 Rd4 50. Rf3 Rd8 51. Rg6 Be5 52. Kg4 Rhh8 53. f6 Rhg8 54. Rxg8 Rxg8+ 55. Kh4 Kc7 56. f7 Rf8 57. Kg5 Kd6 58. Kg6 b6 59. g4 Ke6 60. Re3 Rc8 61. Rxe5+ Kxe5 62. Kg7 Kf4 63. f8Q+ Rxf8 64. Kxf8 Kxg4 65. Ke7 Kf5 66. Kd6 b5 1/2-1/2

[Event "Luxembourg-chT 9899"]
[Site "Luxembourg"]
[Date "1998.11.22"]
[Round "4"]
[White "Smailovic, Omer"]
[Black "Blaeser, Pierre"]
[Result "0-1"]
[WhiteElo "2040"]
[BlackElo "2235"]
[PlyCount "114"]
[EventDate "1998.10.08"]
[EventType "team"]
[EventRounds "10"]
[EventCountry "LUX"]
[SourceTitle "EXT 2005"]
[Source "ChessBase"]
[SourceDate "2004.11.15"]
[SourceVersion "1"]
[SourceVersionDate "2004.11.15"]
[SourceQuality "1"]

1. d4 e6 2. c4 b6 3. Nc3 Bb7 4. Nf3 Nf6 5. Bg5 h6 6. Bh4 Bb4 7. a3 Bxc3+ 8. bxc3 d6 9. e3 Nc6 10. Bd3 Qe7 11. e4 e5 12. d5 Na5 13. Rb1 g5 14. Bg3 Nd7 15. Rb5 Ba6 16. Rb4 Nc5 17. Qe2 f5 18. h3 0-0-0 19. Nd2 f4 20. Bh2 h5 21. f3 g4 22. Bg1 Rdg8 23. Bxc5 dxc5 24. Rb2 Kb8 25. h4 Rg7 26. Qf1 Rhg8 27. Be2 Qd7 28. Bd1 Ka8 29. fxg4 hxg4 30. Kf2 Nb7 31. g3 Nd6 32. Kg2 Rf7 33. Qd3 Rgf8 34. Rf1 Qe7 35. Bb3 Rh8 36. Rbb1 Rfh7 37. Rh1 Bc8 38. Rbf1 fxg3 39. Qxg3 Rxh4 40. Rxh4 Rxh4 41. Rh1 Rxh1 42. Kxh1 Qg5 43. Qd3 Qf4 44. Bd1 Qf2 45. Qe2 Qh4+ 46. Kg1 Qg3+ 47. Kh1 Qxc3 48. a4 a5 49. Kg2 Qh3+ 50. Kg1 Qg3+ 51. Kh1 Bd7 52. Nf1 Qf4 53. Nd2 Kb7 54. Kg2 Be8 55. Qf2 Qh6 56. Bxg4 Qg5 57. Kg3 Qxd2 0-1

[Event "Luxembourg-chT 9899"]
[Site "Luxembourg"]
[Date "1998.10.25"]
[Round "2"]
[White "Kohnen, Marc"]
[Black "Smailovic, Omer"]
[Result "1-0"]
[WhiteElo "1890"]
[BlackElo "2040"]
[PlyCount "75"]
[EventDate "1998.10.08"]
[EventType "team"]
[EventRounds "10"]
[EventCountry "LUX"]
[SourceTitle "EXT 2005"]
[Source "ChessBase"]
[SourceDate "2004.11.15"]
[SourceVersion "1"]
[SourceVersionDate "2004.11.15"]
[SourceQuality "1"]

1. e4 e6 2. d4 c5 3. Nf3 Qb6 4. Be2 cxd4 5. Nxd4 Bc5 6. c3 Nc6 7. 0-0 Nxd4 8. cxd4 Bxd4 9. Nc3 Bxc3 10. bxc3 Qc6 11. Qd4 Nf6 12. Bf3 d5 13. exd5 exd5 14. Ba3 Be6 15. Rfe1 b6 16. Re3 0-0-0 17. c4 dxc4 18. Qxd8+ Rxd8 19. Bxc6 Kc7 20. Bb5 Nd5 21. Rxe6 fxe6 22. Bxc4 Kb7 23. h3 a6 24. Re1 Rc8 25. Bb3 Rc6 26. Rxe6 Rxe6 27. Bxd5+ Rc6 28. Bf8 g6 29. Kh2 Kc7 30. Bxc6 Kxc6 31. Kg3 Kd5 32. Kf4 b5 33. a3 a5 34. Kg5 Ke4 35. Kh6 Kd3 36. Kxh7 Ke2 37. f4 Kf2 38. Kxg6 1-0

[Event "Luxembourg-chT 9798"]
[Site "Luxembourg"]
[Date "1998.03.08"]
[Round "9"]
[White "Fattebene, Pierre"]
[Black "Smailovic, Omer"]
[Result "0-1"]
[WhiteElo "1920"]
[BlackElo "1995"]
[PlyCount "66"]
[EventDate "1997.10.??"]
[EventType "team"]
[EventRounds "10"]
[EventCountry "LUX"]
[SourceTitle "EXT 2005"]
[Source "ChessBase"]
[SourceDate "2004.11.15"]
[SourceVersion "1"]
[SourceVersionDate "2004.11.15"]
[SourceQuality "1"]

1. Nf3 Nf6 2. g3 b6 3. Bg2 Bb7 4. 0-0 c5 5. d3 d5 6. c4 e6 7. Ne5 Bd6 8. Qa4+ Nbd7 9. Nxd7 Nxd7 10. Nc3 Be5 11. cxd5 Bxc3 12. dxe6 Bxg2 13. Kxg2 fxe6 14. bxc3 0-0 15. Qe4 Qf6 16. Bf4 e5 17. Bd2 Qe6 18. f4 Nf6 19. Qf3 e4 20. Qe3 Rad8 21. Rfd1 Qc6 22. dxe4 Rde8 23. Qf3 Rxe4 24. Kg1 Rfe8 25. Re1 Qe6 26. f5 Qc4 27. Qd3 Qf7 28. h3 Qh5 29. g4 Nxg4 30. Qd5+ Kh8 31. hxg4 Rxg4+ 32. Kf1 Qh3+ 33. Kf2 Qg3+ 0-1

[Event "Luxembourg-chT 9798"]
[Site "Luxembourg"]
[Date "1998.02.01"]
[Round "7"]
[White "Smailovic, Omer"]
[Black "Schartz, Alain"]
[Result "1/2-1/2"]
[WhiteElo "1955"]
[BlackElo "2165"]
[PlyCount "81"]
[EventDate "1997.10.??"]
[EventType "team"]
[EventRounds "10"]
[EventCountry "LUX"]
[SourceTitle "EXT 2005"]
[Source "ChessBase"]
[SourceDate "2004.11.15"]
[SourceVersion "1"]
[SourceVersionDate "2004.11.15"]
[SourceQuality "1"]

1. d4 d5 2. c4 c6 3. Nc3 Nf6 4. Bg5 Nbd7 5. Nf3 e6 6. e3 Qa5 7. Bd3 dxc4 8. Bxf6 Nxf6 9. Bxc4 Bb4 10. Qc2 Ne4 11. Rc1 0-0 12. 0-0 Nxc3 13. bxc3 Bd6 14. Bd3 Qh5 15. Be2 Qh6 16. e4 b6 17. e5 Bc7 18. Bd3 Bb7 19. h3 Kh8 20. Nh2 f5 21. f4 g5 22. fxg5 Qxg5 23. Nf3 Qh6 24. Qd2 Qh5 25. Qg5 Qf7 26. Qh6 Rg8 27. Ng5 Qg6 28. Qxg6 Rxg6 29. Nf3 Rag8 30. Rc2 Bd8 31. Kh2 Rg3 32. Bc4 R8g6 33. Bxe6 Rxf3 34. Rxf3 Rxe6 35. Rxf5 Be7 36. c4 Kg7 37. Rcf2 Bc8 38. d5 cxd5 39. cxd5 Rxe5 40. Rxe5 Bd6 41. Kg3 1/2-1/2

[Event "Luxembourg-chT 9798"]
[Site "Luxembourg"]
[Date "1998.01.04"]
[Round "5"]
[White "Wiedenkeller, Michael"]
[Black "Smailovic, Omer"]
[Result "1-0"]
[WhiteElo "2400"]
[BlackElo "1955"]
[PlyCount "101"]
[EventDate "1997.10.??"]
[EventType "team"]
[EventRounds "10"]
[EventCountry "LUX"]
[SourceTitle "EXT 2005"]
[Source "ChessBase"]
[SourceDate "2004.11.15"]
[SourceVersion "1"]
[SourceVersionDate "2004.11.15"]
[SourceQuality "1"]

1. d4 Nf6 2. c4 g6 3. Nc3 d5 4. cxd5 Nxd5 5. e4 Nb6 6. h3 Bg7 7. Nf3 0-0 8. Be2 c6 9. Bg5 Be6 10. 0-0 f6 11. Be3 N8d7 12. Qc2 Bf7 13. Rfd1 Rc8 14. b3 Qc7 15. Rac1 Qb8 16. Qd2 Rfe8 17. Bf4 e5 18. dxe5 Nxe5 19. Nxe5 fxe5 20. Bg5 Be6 21. Qe3 Rc7 22. Rd2 Qc8 23. Rcd1 Rd7 24. Rxd7 Bxd7 25. a4 Qc7 26. a5 Nc8 27. Bc4+ Be6 28. Rd8 Qf7 29. Qd3 Bf8 30. Rxe8 Qxe8 31. Qd8 Qf7 32. Bxe6 Qxe6 33. Bh6 Qd6 34. Qxc8 Kf7 35. Qxf8+ Qxf8 36. Bxf8 Kxf8 37. Na4 Ke7 38. Kf1 Kd6 39. Ke2 h5 40. Kd3 Kc7 41. b4 b6 42. axb6+ axb6 43. g3 g5 44. f3 Kb7 45. h4 gxh4 46. gxh4 Ka6 47. Nc3 Kb7 48. Kc4 Kc7 49. b5 Kd6 50. bxc6 Kxc6 51. Nb5 1-0

[Event "Luxembourg-chT 9798"]
[Site "Luxembourg"]
[Date "1997.12.14"]
[Round "4"]
[White "Smailovic, Omer"]
[Black "Jakobs, Ansgar"]
[Result "1/2-1/2"]
[WhiteElo "1955"]
[BlackElo "2015"]
[PlyCount "135"]
[EventDate "1997.10.??"]
[EventType "team"]
[EventRounds "10"]
[EventCountry "LUX"]
[SourceTitle "EXT 2005"]
[Source "ChessBase"]
[SourceDate "2004.11.15"]
[SourceVersion "1"]
[SourceVersionDate "2004.11.15"]
[SourceQuality "1"]

1. e4 e6 2. d4 d5 3. Nc3 Bb4 4. Qg4 Nf6 5. Qxg7 Rg8 6. Qh6 Rg6 7. Qe3 Nxe4 8. a3 Bxc3+ 9. bxc3 Nd7 10. g3 c5 11. Bd3 Qa5 12. Bxe4 dxe4 13. Bd2 cxd4 14. cxd4 Qf5 15. c4 b5 16. c5 Nf6 17. Qf4 Qd5 18. Qd6 Qxd6 19. cxd6 Kd7 20. Ne2 Bb7 21. 0-0 Rgg8 22. a4 a6 23. axb5 axb5 24. Nc3 Bc6 25. Rab1 Rgb8 26. Rb4 Ne8 27. Rfb1 Nxd6 28. Bf4 Ra5 29. Rd1 Rb6 30. d5 Bxd5 31. Nxd5 exd5 32. Rxd5 Ke6 33. Re5+ Kf6 34. Rd5 Ke6 35. Rbd4 Raa6 36. g4 f6 37. Rh5 b4 38. Bxd6 b3 39. Rxh7 Rxd6 40. Rxe4+ Kd5 41. Rb4 Rab6 42. Rb7 Rxb7 43. Rxb7 Kc4 44. Kf1 Kc3 45. Ke1 Kc2 46. Rc7+ Kb1 47. Rb7 b2 48. h4 Rd4 49. f3 Kc2 50. Ke2 Kc3 51. Rxb2 Kxb2 52. Ke3 Kc3 53. f4 Kc4 54. h5 Kd5 55. h6 Re4+ 56. Kf3 Re8 57. g5 fxg5 58. fxg5 Ke6 59. Kg4 Kf7 60. Kf5 Re1 61. g6+ Kg8 62. Kf6 Rf1+ 63. Kg5 Ra1 64. Kf6 Ra6+ 65. Kg5 Kf8 66. Kf5 Ra5+ 67. Kf6 Rh5 68. h7 1/2-1/2

[Event "Echternach op 4th 45'"]
[Site "Echternach"]
[Date "1997.05.24"]
[Round "4"]
[White "Werbeck, Torsten"]
[Black "Smailovic, Omer"]
[Result "1-0"]
[WhiteElo "2265"]
[BlackElo "1935"]
[PlyCount "57"]
[EventDate "1997.05.24"]
[EventType "swiss (rapid)"]
[EventRounds "9"]
[EventCountry "LUX"]
[SourceTitle "EXT 2006"]
[Source "ChessBase"]
[SourceDate "2005.11.24"]
[SourceVersion "1"]
[SourceVersionDate "2005.11.24"]
[SourceQuality "1"]

1. d4 Nf6 2. Nf3 g6 3. c4 Bg7 4. Nc3 d6 5. e4 0-0 6. Be2 Bg4 7. 0-0 Bxf3 8. Bxf3 Nc6 9. Be3 e5 10. d5 Ne7 11. c5 a6 12. Rc1 Nd7 13. cxd6 cxd6 14. Be2 Rc8 15. Qb3 b5 16. a4 Nc5 17. Bxc5 Rxc5 18. axb5 Bh6 19. Rc2 Qb8 20. Ra1 axb5 21. Nxb5 Rfc8 22. Rxc5 Rxc5 23. g3 f5 24. Ra6 fxe4 25. Qa4 Nc8 26. Nxd6 Bf8 27. Qe8 Qc7 28. Qe6+ Kg7 29. Ne8+ 1-0

[Event "LUX-chABC"]
[Site "Dudelange"]
[Date "1997.04.06"]
[Round "9.10"]
[White "Klein, Jean Paul"]
[Black "Smailovic, Omer"]
[Result "0-1"]
[WhiteElo "2040"]
[BlackElo "1935"]
[PlyCount "72"]
[EventDate "1997.03.29"]
[EventType "swiss"]
[EventRounds "9"]
[EventCountry "LUX"]
[SourceTitle "EXT 2013"]
[Source "ChessBase"]
[SourceDate "2012.11.22"]
[SourceVersion "1"]
[SourceVersionDate "2012.11.22"]
[SourceQuality "1"]

1. c4 Nf6 2. Nc3 g6 3. d4 Bg7 4. Nf3 d6 5. e4 0-0 6. Be2 Nbd7 7. 0-0 e5 8. dxe5 dxe5 9. Qc2 c6 10. Bg5 Qc7 11. Rac1 a5 12. b3 Nc5 13. Rfd1 Bg4 14. Ne1 Bxe2 15. Qxe2 Ne6 16. Bxf6 Bxf6 17. Nd5 cxd5 18. cxd5 Nf4 19. Rxc7 Nxe2+ 20. Kf1 Nd4 21. Rxb7 Rfc8 22. Nd3 g5 23. Rb6 Kg7 24. h3 Rc2 25. a3 h5 26. b4 g4 27. d6 Rc3 28. d7 axb4 29. Rxb4 Rcxa3 30. Nc5 Ra1 31. Rbb1 Rxb1 32. Rxb1 Bd8 33. hxg4 hxg4 34. Nd3 g3 35. fxg3 Ra7 36. Nxe5 f6 0-1

[Event "LUX-chABC"]
[Site "Dudelange"]
[Date "1997.04.02"]
[Round "5.6"]
[White "Weber, Jean Marie"]
[Black "Smailovic, Omer"]
[Result "1-0"]
[WhiteElo "2250"]
[BlackElo "1935"]
[PlyCount "93"]
[EventDate "1997.03.29"]
[EventType "swiss"]
[EventRounds "9"]
[EventCountry "LUX"]
[SourceTitle "EXT 2013"]
[Source "ChessBase"]
[SourceDate "2012.11.22"]
[SourceVersion "1"]
[SourceVersionDate "2012.11.22"]
[SourceQuality "1"]

1. d4 Nf6 2. c4 g6 3. g3 Bg7 4. Bg2 0-0 5. Nc3 c5 6. d5 d6 7. Nf3 a6 8. a4 e5 9. 0-0 Nbd7 10. h3 Ne8 11. e4 f6 12. a5 Rf7 13. Bd2 h6 14. Nh4 Kh7 15. Na4 Bf8 16. Ra3 f5 17. exf5 gxf5 18. Nxf5 Ndf6 19. Nh4 Kg8 20. Nb6 Rb8 21. Qc2 Rh7 22. f4 e4 23. Nxc8 Qxc8 24. g4 Qd8 25. Ng6 b5 26. axb6 Qxb6 27. Nxf8 Kxf8 28. g5 Qxb2 29. Qxb2 Rxb2 30. Bc3 Rxg2+ 31. Kxg2 Nd7 32. g6 Re7 33. Rxa6 h5 34. Kf2 Kg8 35. Ke3 Nc7 36. Rxd6 Na8 37. Re6 Rxe6 38. dxe6 Ndb6 39. e7 Nxc4+ 40. Kxe4 Nd6+ 41. Kd5 Ne8 42. Kc6 h4 43. Kd7 Nac7 44. Be5 c4 45. Bxc7 c3 46. Kxe8 c2 47. Kd7 1-0

[Event "LUX-chABC"]
[Site "Dudelange"]
[Date "1997.04.01"]
[Round "4.15"]
[White "Smailovic, Omer"]
[Black "Streff, Michel"]
[Result "1-0"]
[WhiteElo "1935"]
[BlackElo "1730"]
[PlyCount "89"]
[EventDate "1997.03.29"]
[EventType "swiss"]
[EventRounds "9"]
[EventCountry "LUX"]
[SourceTitle "EXT 2013"]
[Source "ChessBase"]
[SourceDate "2012.11.22"]
[SourceVersion "1"]
[SourceVersionDate "2012.11.22"]
[SourceQuality "1"]

1. e4 e5 2. Nf3 Nc6 3. Bc4 Bc5 4. c3 Nf6 5. 0-0 d6 6. d4 Bb6 7. dxe5 dxe5 8. Qxd8+ Nxd8 9. Nxe5 Nxe4 10. Nd2 Nd6 11. Bb3 Be6 12. Ndc4 Nxc4 13. Nxc4 Bc5 14. Bf4 c6 15. Nd6+ Bxd6 16. Bxd6 Bxb3 17. axb3 f6 18. Rfe1+ Kf7 19. Re7+ Kg6 20. Rae1 Nf7 21. Bc7 h5 22. f4 Nh6 23. c4 Nf5 24. Rd7 c5 25. Ba5 b6 26. Bc3 Rhd8 27. Rc7 Nd4 28. Ree7 Nf5 29. Re4 a6 30. Kf2 Rd3 31. Re6 Rd6 32. Rxd6 Nxd6 33. Kf3 Nf5 34. Rb7 b5 35. cxb5 axb5 36. Rxb5 Nd4+ 37. Bxd4 cxd4 38. Ke4 Rd8 39. Kd3 h4 40. Rb4 Kf5 41. Rxd4 Rxd4+ 42. Kxd4 Kxf4 43. b4 h3 44. gxh3 Kf5 45. Kd5 1-0

[Event "LUX-chABC"]
[Site "Dudelange"]
[Date "1997.03.29"]
[Round "1.21"]
[White "Birtz, Claude"]
[Black "Smailovic, Omer"]
[Result "1-0"]
[WhiteElo "1600"]
[BlackElo "1935"]
[PlyCount "58"]
[EventDate "1997.03.29"]
[EventType "swiss"]
[EventRounds "9"]
[EventCountry "LUX"]
[SourceTitle "EXT 2013"]
[Source "ChessBase"]
[SourceDate "2012.11.22"]
[SourceVersion "1"]
[SourceVersionDate "2012.11.22"]
[SourceQuality "1"]

1. d4 Nf6 2. Nf3 g6 3. Bf4 Bg7 4. e3 d5 5. Bd3 0-0 6. Nbd2 Nbd7 7. c3 Nh5 8. Qc2 Nxf4 9. exf4 Bh6 10. g3 a5 11. h4 Nf6 12. Ne5 a4 13. f5 Bxd2+ 14. Kxd2 Ne4+ 15. Bxe4 dxe4 16. Qxe4 Bxf5 17. Qf3 Be6 18. Rhe1 c5 19. Ke2 f6 20. Nd3 cxd4 21. Red1 Qc8 22. Qe4 dxc3 23. bxc3 Bf5 24. Qb4 Qe6+ 25. Kf1 Qc6 26. Kg1 e5 27. Kh2 Qf3 28. Qc4+ Kg7 29. Kg1 Be4 1-0